| 000 | 00597nam a2200181 a 4500 | ||
|---|---|---|---|
| 001 | 000016774 | ||
| 005 | 20200929164946.0 | ||
| 008 | 100310s1997 dr 000 0 spa d | ||
| 040 |
_aDO-SdBNP _bspa _cBNPHU |
||
| 082 |
_axxxx _bM433p |
||
| 100 | 1 |
_aMatías, Domingo, _d1920- _937165 |
|
| 245 | 1 | 0 |
_aPartidos, sociedad civil y reforma municipal / _cDomingo Matías. |
| 260 |
_aSanto Domingo : _bUnión de vecinos activos, _c1997. |
||
| 300 |
_a82 p. ; _c18 cm. |
||
| 500 | _aIncluye datos biográficos del autor en la contracubierta | ||
| 504 | _aIncluye bibliografías (p. 79-81) | ||
| 049 | _aBNPD | ||
| 999 |
_c16306 _d16306 |
||